La Eficacia "ultra partes" de la sentencia civil

Detalles Bibliográficos
Autor principal: Carpi, Federico
Formato: Libro
Lenguaje:español
Publicado: Lima : Palestra, 2007
Colección:Biblioteca de derecho procesal (Palestra) ; 4
Materias:
Acceso en línea:Acceso restringido

MARC

LEADER 00000nam a2200000 a 4500
005 20120704180928.0
007 cr|||| ||||
008 090219s2007 pe 001 0 spa|c
020 |a 9789972224409 
035 |a 6422 
040 |d vLex 
080 |a 347.953 
090 |c 3262  |d 3262 
100 1 |a Carpi, Federico 
245 1 3 |a La Eficacia "ultra partes" de la sentencia civil   |h [Recurso electrn̤ico] /  |c Federico Carpi ; traduccin̤ de Juan Jos ̌Monroy Palacios 
256 |a Servicio en ln̕ea 
260 |a Lima :  |b Palestra,  |c 2007 
300 |a 1 recurso electrn̤ico 
490 1 |a Biblioteca de derecho procesal / Palestra 
500 |a Índice 
504 |a Bibliografa̕ 
506 1 |a Contenido solo disponible en los productos indicados  |d vLex Global   |d vLex Global (Academic Edition, excluding Law Schools)   |d vLex Global (U.S. Academic Edition, Law Schools)   |d vLex Global (U.S. Academic Edition, excluding Law Schools)   |d vLex Global (Academic Edition, Law Schools)  
650 0 4 |a Cosa juzgada  |z Per︢ 
650 0 4 |a Ejecucin̤ (Derecho civil)  |z Per︢ 
740 0 |a vLex Libros (Servicio en ln̕ea) 
830 0 |a Biblioteca de derecho procesal (Palestra) ;  |v 4 
856 4 0 |u http://vlex.com/source/eficacia-ultra-partes-sentencia-civil-6422  |z Acceso restringido 
942 |c BOOK 
999 0 |a Executions (Law)